000 01166nam0a22003491 4500
001 v19\rc\1999732
005 20251118181259.1
035 _a(NLR Aleph) 005075422
090 _a7139945
_c7139945
100 _a20080811d1912 |||y0rusy50 ca
101 0 _arus
102 _aRU
105 _ay b |||||
200 1 _aПесни каторги
_eПесни сибир. каторжан, беглых и бродяг
_fСобр. и записал в Сибири В.Н. Гартевельд
210 _aМосква
_c"Польза" В. Антик и К°
_d[1912]
215 _a64 с.
_d15
225 1 _aУниверсальная библиотека
_v№ 574
700 1 _aГартевельд
_bВ. Н.
_f1862-1927
_gВильгельм Наполеонович
801 0 _aRU
_bNLR
_gpsbo
801 0 _aRU
_bRuMoRGB
_2psbo
801 1 _aRU
_bProSoft-M
_2rusmarc
852 _aNLR
_jЛ20 Б-2/13
852 _aNLR
_j37.36.11.1
852 _aNLR
_bМф
_jК1/2724
899 _aRuMoRGB
_jРб 10/5735
899 _aRuMoRGB
_jE 116/288
899 _aRuMoRGB
_jV 127/347
899 _aБАН
899 _aГПИБ
942 _cBOOK
980 _aNB